| 000 | 00432cam a2200181ua 4500 | ||
|---|---|---|---|
| 001 | 3666 | ||
| 008 | 190403n II |||gr||||Z||||||eng | ||
| 040 | _aMAIN | ||
| 041 | _aEnglish | ||
| 082 | _a530 CHA | ||
| 100 | _aCHAKRAVARTY, ALOK. | ||
| 245 | _aA TEXT BOOK OF PHYSICS (P-2) | ||
| 260 |
_a[s.l]: _bNEW BOOKSTALL, _c1988. |
||
| 300 |
_a482: _c24CM. |
||
| 653 | _aPhysics | ||
| 700 |
_aCHAKRAVARTY, ALOK., _eAuthor. |
||
| 942 | _cBK | ||
| 999 |
_c3654 _d3654 |
||